| 000 | 01212nam0a22003131 4500 | ||
|---|---|---|---|
| 001 | rc\551585 | ||
| 005 | 20250613085546.0 | ||
| 010 |
_d30 к. _92000 |
||
| 021 |
_aRU _b88-39163 |
||
| 035 | _a(NLR Aleph) 009037127 | ||
| 090 |
_a9526893 _c9526893 |
||
| 100 | _a20030616d1988 |||y0rusy50 ca | ||
| 101 | 0 | _arus | |
| 102 | _aRU | ||
| 105 | _ay z|||||||| | ||
| 200 | 1 |
_aВ годы суровых испытаний _e[роль Чечено-Ингушетии в Великой Отечественной войне] _fХ.А. Гакаев |
|
| 210 |
_aГрозный _cЧечено-Ингушское книжное издательство _d1988 |
||
| 215 |
_a118, [2] с. _d20 |
||
| 320 | _aБиблиогр. в примеч.: с. 114-119 | ||
| 606 | 1 |
_aВеликая Отечественная война _yЧечено-Ингушская АССР _z1941 - 1945 _91231989 _3RU\NLR\AUTH\66184634 |
|
| 686 | 0 |
_aТ3(2)722.9-9(2Р-6Че) _2rubbk |
|
| 686 | 0 |
_aТ3(2Р-6Че)722 _2rubbk |
|
| 700 | 1 |
_aГакаев _bХ. А. _gХамзат Адамович |
|
| 801 | 0 |
_aRU _bNLR _gpsbo |
|
| 801 | 1 |
_aRU _bELAR _2rusmarc |
|
| 801 | 2 |
_aRU _bNLR _c20130215 _2rusmarc |
|
| 852 |
_aNLR _j88-3/7513 |
||
| 942 | _cBOOK | ||
| 980 | _aNB | ||